A survey of virgin jungle reserves in Peninsular Malaysia

Bibliographic Details
Main Author: PUTZ
Corporate Author: Institut Penyelidikan Perhutanan Malaysia (FRIM)
Format: Book
Published: Kuala Lumpur : Forestry Department Peninsular Malaysia , 1978
Series:Research pamphlet ; no. 73
Subjects:

MARC

LEADER 00000cam a2200000 7i4500
001 0000002986
005 20040330.0
090 0 0 |a RP 634.9095951   |b PUT 1978 
100 1 0 |a PUTZ   |h F. E. 
245 1 2 |a A survey of virgin jungle reserves in Peninsular Malaysia   |c by F. E. Putz 
260 0 0 |a Kuala Lumpur :   |b Forestry Department Peninsular Malaysia ,   |c 1978 
300 |a iv, 87 p., maps ;   |c 30 cm. 
440 0 0 |a Research pamphlet ; no. 73 
500 0 0 |a Bibliography : p. 65-68 
650 0 0 |a Forests and forestry   |z Peninsular Malaysia 
710 1 1 |a Institut Penyelidikan Perhutanan Malaysia (FRIM) 
998 |a JPSM 
999 |a 0000005287   |b Monograph   |c Open Shelf   |e Default branch 
999 |a 0000005288   |b Monograph   |c Open Shelf   |e Default branch 
999 |a 0000005289   |b Monograph   |c Open Shelf   |e Default branch